La alta política
Síntesis: el Sr. Gilberto R. Alvarez en este artículo habla de la alta política desde Washington hacia México como el águila que ve desde sus alturas a su presa por encima de todo interés común.
Gespeichert in:
| 1. Verfasser: | |
|---|---|
| Format: | Buch |
| Schlagworte: | |
| Tags: |
Keine Tags, Fügen Sie das erste Tag hinzu!
|
MARC
| LEADER | 00000nam^a2200000^a^4500 | ||
|---|---|---|---|
| 001 | 000250576 | ||
| 005 | 20250526000000.0 | ||
| 009 | 20260310105817.98 | ||
| 035 | |a R01577 | ||
| 037 | |a Acervo Xavier Clavigero | ||
| 082 | |a 9. |b ALV | ||
| 100 | |a Alvarez, Gilberto R. |e (autor) | ||
| 245 | 1 | 3 | |a La alta política |
| 264 | |a S.L. : |b Destinatario: Público en general. | ||
| 300 | |a 1 foja, impreso, 15.5 X 31 cms. | ||
| 336 | |a texto |b txt |2 rdacontenido | ||
| 337 | |a sin mediación |b n |2 rdamedio | ||
| 338 | |a volumen |b nc |2 rdasoporte | ||
| 520 | |a Síntesis: el Sr. Gilberto R. Alvarez en este artículo habla de la alta política desde Washington hacia México como el águila que ve desde sus alturas a su presa por encima de todo interés común. | ||
| 598 | |a Boletín. | ||
| 598 | |a Lugares que cita el documento: México. Washington, E.U. | ||
| 649 | |a XX | ||
| 650 | |a Opinión Pública | ||
| 650 | |a * Visión extranjera. | ||
| 650 | |a * Alvarez, Gilberto R. | ||
| 910 | |a Fondo Jesús Gómez Fregoso S.J. FXC | ||
| 920 | |a Impresos - Documentos | ||
| 930 | |a Libros Antiguos y Raros | ||
| 940 | |a Guerra Cristera | ||
| 905 | |a 110 | ||
| 901 | |a R01577 |b IT2 |c LRA |i R01577 |u 20250526 | ||
| 902 | |a https://opac.biblio.iteso.mx/vufind/Record/000250576 | ||